000 01082cam a2200385 4500
001 ABS65706
008 020730n2002 000 0 eng u
035 _a(Sirsi) u119107
245 _aFocus 2002:mid-western counties
260 _c2002
490 _aEstates Gazette
_v(0230) 27 July 2002, 67-85(11)
590 _aABS
650 _aGLOUCESTERSHIRE
650 _aSHROPSHIRE
650 _aWORCESTERSHIRE
650 _aHEREFORDSHIRE
650 _aPROPERTY-COMMERCIAL PROPERTY-OFFICE PROPERTY-OFFICE PROPERTY MARKET
650 _aINDUSTRIAL MARKET
650 _aPROPERTY-COMMERCIAL PROPERTY-RETAIL PROPERTY-RETAIL PROPERTY MARKET
650 _aREGENERATION
650 _aGLOUCESTER
650 _aCHELTENHAM
650 _aTEWKESBURY
650 _aSHREWSBURY
650 _aTELFORD
650 _aWORCESTER
650 _aKIDDERMINSTER
650 _aREDDITCH
650 _aHEREFORD
650 _aSTROUD
650 _aRESIDENTIAL MARKET
650 _aLEISURE MARKET
690 _aPROPERTY-COMMERCIAL PROPERTY-COMMERCIAL PROPERTY MARKET
942 _n0
999 _c70850
_d70850